Quick Pick: Movie Spoonerisms Quiz Stats

 Plays Quiz Updated Nov 16, 2017

Score 0/12 Timer 01:30
1 Play Today
% Correct
Raniel Dadcliffe
90.6%
Datt Mamon
88.9%
Black Jack
88.1%
Hark Mammil
88.1%
Cleorge Gooney
80.1%
Barren Weatty
78.2%
Lude Jaw
73.2%
Farty Meldman
69%
Jerry Tones
64.2%
Wugo Heaving
62.3%
Snesley Wipes
60.1%
Ring Vhames
57.9%

Today's Daily Dose

Word Ladder
In Hot 'Water'

Quick Pick
Opera Composers

Get the Picture
The Office Accountants

You're not logged in!

Compare scores with friends on all Sporcle quizzes.
OR
Log In

Show Comments

Extras

Top Quizzes Today


Score Distribution

Your Account Isn't Verified!

In order to create a playlist on Sporcle, you need to verify the email address you used during registration. Go to your Sporcle Settings to finish the process.

Report this User

Report this user for behavior that violates our Community Guidelines.

Details: